Conflictos fronterizos y dependencia señorial (Record no. 131749)

MARC details
000 -LEADER
campo de control de longitud fija 00885nam a2200217 i 4500
001 - NÚMERO DE CONTROL
campo de control 131749
003 - IDENTIFICADOR DE NÚMERO DE CONTROL
campo de control ES-MaACL
005 - FECHA Y HORA DE LA ÚLTIMA TRANSACCIÓN
campo de control 20240616063030.0
007 - CAMPO FIJO DE DESCRIPCIÓN FÍSICA--INFORMACIÓN GENERAL
campo de control de longitud fija t|
008 - DATOS DE LONGITUD FIJA--INFORMACIÓN GENERAL
campo de control de longitud fija 070214s1982 sp r ||||1| spa d
100 1# - ENTRADA PRINCIPAL--NOMBRE DE PERSONA
Nombre de persona Rodríguez Llopis, Miguel,
Fechas asociadas al nombre 1958-2002
9 (RLIN) 98604
245 10 - MENCIÓN DEL TÍTULO
Título Conflictos fronterizos y dependencia señorial
Resto del título : la encomienda santiaguista de Yeste y Taibilla : (ss. XIII-XV) /
Mención de responsabilidad, etc. Miguel Rodríguez Llopis.
260 ## - PUBLICACIÓN, DISTRIBUCIÓN, ETC.
Lugar de publicación, distribución, etc. Albacete :
Nombre del editor, distribuidor, etc. Instituto de Estudios Albacetenses,
Fecha de publicación, distribución, etc. 1982.
300 ## - DESCRIPCIÓN FÍSICA
Extensión 173 p. :
Otras características físicas il. ;
Dimensiones 24 cm +
Material acompañante/anejo map.
490 1# - MENCIÓN DE SERIE
Mención de serie Serie I : Ensayos históricos y científicos ;
Designación de volumen o secuencia 9
610 24 - PUNTO DE ACCESO ADICIONAL DE MATERIA--NOMBRE DE ENTIDAD CORPORATIVA
Nombre de entidad corporativa o nombre de jurisdicción como elemento de entrada Orden de Santiago-
Subdivisión geográfica Albacete.
9 (RLIN) 157793
710 2# - ENTRADA AGREGADA--NOMBRE DE ENTIDAD CORPORATIVA
Nombre de entidad corporativa o nombre de jurisdicción como elemento de entrada Instituto de Estudios Albacetenses.
9 (RLIN) 4884
830 0# - PUNTO DE ACCESO ADICIONAL DE SERIE-TÍTULO UNIFORME
Título uniforme Serie I : Ensayos históricos y científicos ;
Designación de volumen o secuencia 9
9 (RLIN) 179816
852 ## - LOCALIZACIÓN
Ubicación ES-MaACL
Número de control de estantería L-2573
Sublocalización o colección R.103370
Holdings
Estatus retirado Estado de pérdida Estado de daño No para préstamo Biblioteca de origen Biblioteca actual Ubicación en estantería Fecha de adquisición Fuente de adquisición Total de préstamos Signatura topográfica completa Código de barras Visto por última vez Precio de reemplazo Tipo de ítem Koha
        Biblioteca del Ateneo de Madrid Biblioteca del Ateneo de Madrid Depósito 2 17/01/2008     L-2573 1137157 23/02/2023 23/02/2023 Libro impreso